[Event "SVK-chT2A 2425"]
[Site "Slovakia"]
[Date "2024.12.01"]
[Round "4.7"]
[White "Stolar, Michal"]
[Black "Kopcok, Michal"]
[Result "0-1"]
[WhiteElo "1679"]
[BlackElo "1892"]
[PlyCount "54"]
[EventDate "2024.11.09"]
[EventType "team-tourn"]
[EventRounds "11"]
[EventCountry "SVK"]
[SourceTitle "CB51_2024"]
[SourceDate "2024.12.18"]
[SourceVersion "1"]
[SourceVersionDate "2024.12.18"]
[SourceQuality "1"]
[WhiteTeam "Piestany Kupele"]
[BlackTeam "Bratislava Slovan III"]
[WhiteTeamCountry "SVK"]
[BlackTeamCountry "SVK"]

1. e4 g6 2. d4 Bg7 3. Nf3 d6 4. Be2 Nd7 5. 0-0 a6 6. c4 c6 7. a4 Ngf6 8. Nc3 0-0 9. h3 Rb8 10. Be3 Re8 11. Qd2 e5 12. dxe5 dxe5 13. Rfd1 Qc7 14. Qd6 Qxd6 15. Rxd6 Bf8 16. Rdd1 Bb4 17. Bd3 Nh5 18. g4 Nf4 19. Bxf4 exf4 20. Ne2 Bd6 21. Bc2 Bc7 22. b4 Ne5 23. Nxe5 Bxe5 24. Ra3 Be6 25. Bd3 Rbd8 26. f3 Bxc4 27. Kf1 Bb2 0-1

[Event "Piestany Slovakia op-B"]
[Site "Piestany"]
[Date "2022.07.18"]
[Round "9"]
[White "Kollarik, Gorazd"]
[Black "Stolar, Michal"]
[Result "1/2-1/2"]
[WhiteElo "1751"]
[BlackElo "1560"]
[PlyCount "73"]
[EventDate "2022.07.11"]
[EventType "swiss"]
[EventRounds "9"]
[EventCountry "SVK"]
[SourceTitle "CBM 209 Extra"]
[Source "ChessBase"]
[SourceDate "2022.09.30"]
[SourceVersion "1"]
[SourceVersionDate "2022.09.30"]
[SourceQuality "1"]

1. d4 e6 2. e4 d5 3. Nc3 Bb4 4. e5 Bd7 5. a3 Ba5 6. Be3 Ne7 7. Nf3 h6 8. Bd3 Nf5 9. 0-0 c6 10. b4 Bc7 11. Na4 b6 12. c3 a5 13. Nb2 b5 14. a4 axb4 15. cxb4 Qe7 16. Qd2 0-0 17. axb5 Rxa1 18. Rxa1 cxb5 19. Be2 Bb6 20. Nd3 Bc6 21. Nc5 Rc8 22. Bd3 Nd7 23. Qe2 Bxc5 24. bxc5 Rb8 25. Ra5 Qd8 26. Ra6 Qc8 27. Qa2 g6 28. Bd2 b4 29. g4 Ne7 30. Qb3 Bb5 31. Bxb5 Rxb5 32. Ra1 Kg7 33. Rb1 Nc6 34. Qe3 Qh8 35. Qd3 Qb8 36. Qe3 Qh8 37. Qd3 1/2-1/2

[Event "SVK-chT2A 1920"]
[Site "Slovakia"]
[Date "2020.02.16"]
[Round "9.8"]
[White "Stolar, Michal"]
[Black "Vrbiar, Tomas"]
[Result "0-1"]
[WhiteElo "1506"]
[BlackElo "1628"]
[PlyCount "90"]
[EventDate "2019.10.26"]
[EventType "team-tourn"]
[EventRounds "11"]
[EventCountry "SVK"]
[SourceTitle "CBM 195 Extra"]
[Source "ChessBase"]
[SourceDate "2020.05.31"]
[SourceVersion "1"]
[SourceVersionDate "2020.05.31"]
[SourceQuality "1"]
[WhiteTeam "Piestany Kupele"]
[BlackTeam "Senec"]
[WhiteTeamCountry "SVK"]
[BlackTeamCountry "SVK"]

1. c4 Nf6 2. Nc3 e5 3. g3 Nc6 4. Bg2 d6 5. e3 Bd7 6. Nge2 Be7 7. b3 0-0 8. Bb2 Qc8 9. 0-0 Bh3 10. f4 h6 11. d3 Re8 12. e4 Bd8 13. Nd5 Be6 14. fxe5 dxe5 15. Nxf6+ Bxf6 16. Bc1 Be7 17. Be3 Qd7 18. Nc3 Nd4 19. Ne2 Bc5 20. Nxd4 Bxd4 21. Bxd4 Qxd4+ 22. Kh1 Rad8 23. Qc2 Qxd3 24. Qxd3 Rxd3 25. Kg1 Red8 26. Rfe1 Rd2 27. Kf1 Bg4 28. h3 Bh5 29. g4 Bg6 30. Re2 R8d4 31. Rxd2 Rxd2 32. Bf3 f6 33. c5 c6 34. b4 Rd4 35. a3 Bxe4 36. Bxe4 Rxe4 37. Kf2 Rd4 38. Ke3 Kf7 39. Rf1 Ke6 40. Rg1 Rc4 41. Kd3 Rd4+ 42. Ke3 g6 43. Rf1 f5 44. gxf5+ gxf5 45. Rg1 f4+ 0-1

[Event "SVK-chT4 A21 1617"]
[Site "Slovakia"]
[Date "2017.01.15"]
[Round "7.5"]
[White "Stolar, Michal"]
[Black "Ganz, Tomas"]
[Result "1-0"]
[WhiteElo "1630"]
[BlackElo "1328"]
[PlyCount "105"]
[EventDate "2016.10.09"]
[EventType "team-tourn"]
[EventRounds "11"]
[EventCountry "SVK"]
[SourceTitle "EXT 2018"]
[Source "ChessBase"]
[SourceDate "2017.10.13"]
[SourceVersion "1"]
[SourceVersionDate "2017.10.13"]
[SourceQuality "1"]
[WhiteTeam "Piestany Kupele II"]
[BlackTeam "Trnava Lokomotiva Jun"]
[WhiteTeamCountry "SVK"]
[BlackTeamCountry "SVK"]

1. e4 e5 2. Nf3 Nc6 3. Bc4 d6 4. a3 Bg4 5. d3 Nd4 6. Nbd2 Be7 7. c3 Nxf3+ 8. Nxf3 Nf6 9. h3 Bh5 10. Qa4+ c6 11. Qd1 Qd7 12. Be3 0-0 13. g4 Bg6 14. Nh4 b5 15. Ba2 Qc7 16. Nxg6 hxg6 17. Bg5 Nh7 18. Bxe7 Qxe7 19. Qf3 Rac8 20. h4 Nf6 21. 0-0-0 c5 22. h5 c4 23. hxg6 fxg6 24. Qe2 Kf7 25. dxc4 Qe6 26. f3 bxc4 27. Qe3 Rc7 28. Rd2 Rd8 29. Qe2 Ke7 30. Rhd1 Qf7 31. Qe3 Nh7 32. g5 Nf8 33. Qe2 Rc6 34. Kc2 Nd7 35. Qe3 Nc5 36. Rd5 Rd7 37. Bxc4 Qe8 38. Bb5 Rb6 39. Bxd7 Nxd7 40. Qd3 Qb8 41. b4 Nc5 42. Qc4 Ne6 43. Rg1 Qb7 44. Rdd1 Rc6 45. Qd5 Nd4+ 46. Rxd4 exd4 47. Qxd4 Kf8 48. Rh1 Qa6 49. Rh8+ Kf7 50. Kb3 Rc7 51. Qd5+ Ke7 52. Qg8 Kd7 53. Qe8# 1-0